000 00634nam a2200205Ia 4500
005 20250508155043.0
008 008 250505s9999 xx 000 0 eng d
037 _aTextual
040 _aFEDL
_beng
_cFEDL
041 _aeng
_2eng
084 _a371.4, IND
_qFEDL
245 0 _aBasic education abstracts No.2
245 0 _cIndia. National Institute of Basic Education
260 _aNew Delhi, India
_bNational Institute of Basic Educaion
_c1957
300 _a45p
546 _aBooks on basic education
650 _aEducational Guidance and Counseling
942 _cTEXL
_h371.4, IND
999 _c1353706
_d1353706